Normal view
MARC view
Entry Personal Name
001 - CONTROL NUMBER
- control field: 530422
003 - CONTROL NUMBER IDENTIFIER
- control field: OSt
005 - DATE AND TIME OF LATEST TRANSACTION
- control field: 20220930072800.0
008 - FIXED-LENGTH DATA ELEMENTS
- fixed length control field: 220930|| aca||aabn | a|a d
040 ## - CATALOGING SOURCE
- Original cataloging agency: OSt
- Transcribing agency: OSt
100 ## - HEADING--PERSONAL NAME
- Personal name: Tripathi Shiva Shankar
670 ## - SOURCE DATA FOUND
- Source citation: Work cat.: (OSt)864310: Tripathi Shiva Shankar, Evaluation of the immunomodulatory effects of stellate ganglion block in patients with chronic shoulder-hand pain, 1998
